000
00232 a2200097 4500
001
46157
100
_a
Bidwell Shelferd
245
_a
The Encyclopedia of Laud Warfare
260
_a
New York
_b
Spring Books
_c
090
_c
29261
_d
29261
942
_a
NUST-CAE
_c
M
_c
21404
999
_c
281230
_d
281230